000 00323nam a2200133Ia 4500
008 150201s2011 xx 000 0 und d
082 _a611
_bC11S
100 _aSINGH,VISHRAM
245 _aCLINICAL AND SURGICAL ANATOMY
250 _a2ND
260 _bELSEVIER
_aDELHI
_c2011
650 _aHUMAN ANATOMY
942 _2ddc
_cBK
_01
999 _c1136
_d1136